000 00801nam a2200253Ia 4500
003 OSt
005 20220923220018.0
006 a|||||r|||| 00| 0
007 ta
008 220922b |||||||| |||| 00| 0 hin d
024 _a183,562
037 _cTextual
040 _aARTS
_cARTS
_bhin
041 _2hin
_ahin
082 _aO152,1N23,4, J6
100 _aअरूण, पोद्दार रामावतार
245 0 _aगान्था
246 _aGānthā
260 _aबिहार
_b किरण प्रकाशन
_c1956
300 _a96 पृ.
_ccm.
650 _aहिन्दी साहित्य
_9156264
942 _hO152,1N23,4, J6
_cTEXL
_2CC
999 _c336898
_d336898